000
00284nam a2200109Ia 4500
008
201223s9999 xx 000 0 und d
100
_a
Guha-Thakurta, Tapati
245
0
_a
(The) Making of new Indian art
260
_a
Cambridge
_b
Cambridge University Press
300
_a
352
942
_c
BK
999
_c
8246
_d
8246